000
00240nam a2200097Ia 4500
001
739094
005
20250826164006.0
008
250824s9999 xx 000 0 und d
245
0
_a
BAŞARI OKULU
_c
ÖZGÜR GEZ
260
_b
ATLI KARINCA YAYINLARI
999
_c
739094
_d
739094